000 00588nam a2200181Ia 4500
008 090124s9999 xx 000 0 und d
082 _b106162
100 _aनेने हरि नारायण
245 _a संशोधनलेखनसंग्रह
250 _a1
260 _c1957
300 _a24+210
600 _aनेने हरि नारायण
630 _a संशोधनलेखनसंग्रह
700 _aनेने हरि नारायण
730 _a संशोधनलेखनसंग्रह
942 _cBOOK
999 _c152253
_d152253